| 000 | 00405cam a2200169ua 4500 | ||
|---|---|---|---|
| 020 | _c25.00 | ||
| 041 |
_aeng _h |
||
| 082 |
_a923.2 _bNAN/SA |
||
| 100 | _aNandurkar, G.M . | ||
| 245 | 0 | 0 |
_aSardar Patel: In tune with the millions, Vol 2 / _cG.M.Nandurkar. _hTextual Documents |
| 300 | _a365 ; . | ||
| 365 | _a25.00 | ||
| 500 | _a**Reference | ||
| 504 | _a | ||
| 942 | _cBK | ||
| 999 |
_c7920 _d7920 |
||